<?xml version="1.0" encoding="UTF-8"?>
<collection xmlns="http://www.loc.gov/MARC21/slim">
    <record>
        <controlfield tag="001">87662</controlfield>
        <controlfield tag="005">20200922122726.0</controlfield>
        <datafield tag="024" ind1="7" ind2=" ">
            <subfield code="2">doi</subfield>
            <subfield code="a">10.3989/tp.2019.12224</subfield>
        </datafield>
        <datafield tag="024" ind1="8" ind2=" ">
            <subfield code="2">sideral</subfield>
            <subfield code="a">115495</subfield>
        </datafield>
        <datafield tag="037" ind1=" " ind2=" ">
            <subfield code="a">ART-2019-115495</subfield>
        </datafield>
        <datafield tag="041" ind1=" " ind2=" ">
            <subfield code="a">spa</subfield>
        </datafield>
        <datafield tag="100" ind1=" " ind2=" ">
            <subfield code="a">Soto, Adriana</subfield>
        </datafield>
        <datafield tag="245" ind1=" " ind2=" ">
            <subfield code="a">Nuevos datos sobre la transición Pleistoceno/Holoceno en el noreste de la península ibérica: el Sauveterriense de Peña-14 (Biel, Zaragoza)</subfield>
        </datafield>
        <datafield tag="260" ind1=" " ind2=" ">
            <subfield code="c">2019</subfield>
        </datafield>
        <datafield tag="506" ind1="0" ind2=" ">
            <subfield code="a">Access copy available to the general public</subfield>
            <subfield code="f">Unrestricted</subfield>
        </datafield>
        <datafield tag="520" ind1="3" ind2=" ">
            <subfield code="a">Presentamos los resultados del estudio de la industria lítica del nivel d del abrigo de Peña-14 (Biel, Zaragoza). El análisis tecnológico y de materias primas efectuado permite una reconstrucción completa del sistema de producción lítica. Los resultados remiten a dinámicas tecnológicas propias del Epipaleolítico (aprovisionamiento local, simplificación tecnológica, predominancia del utillaje microlaminar…), adscribiéndose más concretamente al Sauveterriense. En este sentido, el presente trabajo ofrece nuevos datos sobre el desarrollo de este complejo en el noreste de la península ibérica, planteando nuevas cuestiones sobre su enmarque cronológico, características industriales, y su vinculación con las tradiciones previas y vecinas.</subfield>
        </datafield>
        <datafield tag="536" ind1=" " ind2=" ">
            <subfield code="9">info:eu-repo/grantAgreement/ES/DGA/H14-17R</subfield>
            <subfield code="9">info:eu-repo/grantAgreement/ES/MINECO/HAR2017-85023-P</subfield>
            <subfield code="9">info:eu-repo/grantAgreement/ES/MINECO/RYC-2013-12613</subfield>
        </datafield>
        <datafield tag="540" ind1=" " ind2=" ">
            <subfield code="9">info:eu-repo/semantics/openAccess</subfield>
            <subfield code="a">by</subfield>
            <subfield code="u">http://creativecommons.org/licenses/by/3.0/es/</subfield>
        </datafield>
        <datafield tag="590" ind1=" " ind2=" ">
            <subfield code="a">0.8</subfield>
            <subfield code="b">2019</subfield>
        </datafield>
        <datafield tag="591" ind1=" " ind2=" ">
            <subfield code="a">ANTHROPOLOGY</subfield>
            <subfield code="b">53 / 90 = 0.589</subfield>
            <subfield code="c">2019</subfield>
            <subfield code="d">Q3</subfield>
            <subfield code="e">T2</subfield>
        </datafield>
        <datafield tag="592" ind1=" " ind2=" ">
            <subfield code="a">0.372</subfield>
            <subfield code="b">2019</subfield>
        </datafield>
        <datafield tag="593" ind1=" " ind2=" ">
            <subfield code="a">Archeology (arts and humanities)</subfield>
            <subfield code="c">2019</subfield>
            <subfield code="d">Q1</subfield>
        </datafield>
        <datafield tag="593" ind1=" " ind2=" ">
            <subfield code="a">Archeology</subfield>
            <subfield code="c">2019</subfield>
            <subfield code="d">Q1</subfield>
        </datafield>
        <datafield tag="655" ind1=" " ind2="4">
            <subfield code="a">info:eu-repo/semantics/article</subfield>
            <subfield code="v">info:eu-repo/semantics/publishedVersion</subfield>
        </datafield>
        <datafield tag="700" ind1=" " ind2=" ">
            <subfield code="0">(orcid)0000-0003-0628-2582</subfield>
            <subfield code="a">Montes, Lourdes</subfield>
            <subfield code="u">Universidad de Zaragoza</subfield>
        </datafield>
        <datafield tag="700" ind1=" " ind2=" ">
            <subfield code="0">(orcid)0000-0003-3894-7112</subfield>
            <subfield code="a">Domingo, Rafael</subfield>
            <subfield code="u">Universidad de Zaragoza</subfield>
        </datafield>
        <datafield tag="700" ind1=" " ind2=" ">
            <subfield code="0">(orcid)0000-0001-9839-9758</subfield>
            <subfield code="a">García-Simón, Luis Miguel</subfield>
        </datafield>
        <datafield tag="710" ind1="2" ind2=" ">
            <subfield code="1">3000</subfield>
            <subfield code="2">695</subfield>
            <subfield code="a">Universidad de Zaragoza</subfield>
            <subfield code="b">Dpto. Ciencias de la Antigüed.</subfield>
            <subfield code="c">Área Prehistoria</subfield>
        </datafield>
        <datafield tag="773" ind1=" " ind2=" ">
            <subfield code="g">76, 1 (2019), 29-47</subfield>
            <subfield code="p">Trab. prehist.</subfield>
            <subfield code="t">Trabajos de Prehistoria</subfield>
            <subfield code="x">0082-5638</subfield>
        </datafield>
        <datafield tag="856" ind1="4" ind2=" ">
            <subfield code="s">985191</subfield>
            <subfield code="u">http://zaguan.unizar.es/record/87662/files/texto_completo.pdf</subfield>
            <subfield code="y">Versión publicada</subfield>
        </datafield>
        <datafield tag="856" ind1="4" ind2=" ">
            <subfield code="s">84905</subfield>
            <subfield code="u">http://zaguan.unizar.es/record/87662/files/texto_completo.jpg?subformat=icon</subfield>
            <subfield code="x">icon</subfield>
            <subfield code="y">Versión publicada</subfield>
        </datafield>
        <datafield tag="909" ind1="C" ind2="O">
            <subfield code="o">oai:zaguan.unizar.es:87662</subfield>
            <subfield code="p">articulos</subfield>
            <subfield code="p">driver</subfield>
        </datafield>
        <datafield tag="951" ind1=" " ind2=" ">
            <subfield code="a">2020-09-22-12:21:28</subfield>
        </datafield>
        <datafield tag="980" ind1=" " ind2=" ">
            <subfield code="a">ARTICLE</subfield>
        </datafield>
    </record>

    
</collection>